| 000 | 00486nam a2200181Ia 4500 | ||
|---|---|---|---|
| 003 | GCL | ||
| 008 | 140319s9999 xx 000 0 eng d | ||
| 040 |
_aGCL / _cGCL |
||
| 082 | 0 | 4 |
_a410 _bA O |
| 100 | 1 | _aLANGENDOEN, TERNCE | |
| 245 | 1 | 0 |
_aOPTIMALITY THEORY: AN INTRODUCTION OVERVIEW / _cLANGENDOEN, TERNCE |
| 700 | 1 | _aARCHANGELI, DIANA | |
| 260 |
_a[S.N] : _bBLACKWELL PUBLISHERS ، _c1997 |
||
| 300 | _a233 P | ||
| 650 | 0 | 4 | _aLINGUISTICS |
| 650 | 0 | 4 | _aLANGUAGES |
| 942 |
_2ddc _cBK |
||
| 999 |
_c15756 _d15756 |
||